Catalog

Record Details

Catalog Search



Amsterodamská smlouva Cover Image Book Book

Amsterodamská smlouva

Record details

  • ISBN: 80-85864-73-8
  • Physical Description: 277 s. ; 25 cm
  • Publisher: Praha : Ústav mezinárodních vztahů, [1999?]

Content descriptions

General Note:
Publ. není oficiálním zněním ani oficiálním překladem žádné z uvedených smluv
Přeloženo z angličtiny
Vydavatel: Ministerstvo zahraničních věcí České republiky
Formatted Contents Note:
Smlouva o Evropské unii -- Smlouva o založení Evropského společenství -- Smlouva o založení Evropského společenství uhlí a oceli -- Smlouva o založení Evropského společenství pro atomovou energii
Target Audience Note:
Pro informační účely v procesu přístupu České republiky k Evropské unii
Subject: Evropská unie
ekonomická integrace > Evropa
mezinárodní smlouvy > Evropa
Europe > Economic integration
Genre: informační publikace

Available copies

  • 1 of 1 copy available at Common Catalog SPOK.

Holds

  • 0 current holds with 1 total copy.
Show All Copies
Location Call Number / Copy Notes Barcode Shelving Location Status Due Date
Jabok Library Soc-5.7.1 424480019924 Odborná literatura Available -

LDR 01817nam a2200421 a 4500
001328
003CZ-PrJAB
00520220413082355.0
007tu
008000131q19992000xr e 000 0 cze
015 . ‡acnb000786872
020 . ‡a80-85864-73-8 ‡q(Ústav mezinárodních vztahů : ‡qbrož.)
035 . ‡a(CZ PrNK)cpk20000786872
035 . ‡a(OCoLC)44147965
040 . ‡aABA001 ‡bcze
0411 . ‡acze ‡heng
043 . ‡ae------
072 7. ‡a339.7/.9 ‡xSvětová ekonomika a mezinárodní finance ‡2Konspekt ‡94
080 . ‡a061.1EU ‡2MRF
080 . ‡a339.923 ‡2MRF
080 . ‡a(036) ‡2MRF
24500. ‡aAmsterodamská smlouva
260 . ‡aPraha : ‡bÚstav mezinárodních vztahů, ‡c[1999?]
300 . ‡a277 s. ; ‡c25 cm
500 . ‡aPubl. není oficiálním zněním ani oficiálním překladem žádné z uvedených smluv
500 . ‡aPřeloženo z angličtiny
500 . ‡aVydavatel: Ministerstvo zahraničních věcí České republiky
5050 . ‡aSmlouva o Evropské unii -- Smlouva o založení Evropského společenství -- Smlouva o založení Evropského společenství uhlí a oceli -- Smlouva o založení Evropského společenství pro atomovou energii
521 . ‡aPro informační účely v procesu přístupu České republiky k Evropské unii
61027. ‡aEvropská unie ‡7kn20010711086 ‡2czenas
65007. ‡aekonomická integrace ‡7ph119825 ‡zEvropa ‡2czenas
65007. ‡amezinárodní smlouvy ‡7ph122825 ‡zEvropa ‡2czenas
651 9. ‡aEurope ‡xEconomic integration ‡2eczenas
655 7. ‡ainformační publikace ‡7fd132454 ‡2czenas
7101 . ‡aČesko. ‡bMinisterstvo zahraničních věcí ‡7kn20010725023
910 . ‡aABG312
901 . ‡a328 ‡bUnknown ‡c328 ‡tbiblio

Additional Resources